[Event "COL-ch sf"]
[Site "Pereira"]
[Date "2024.03.31"]
[Round "11"]
[White "Bustamante Herrera, Mateo"]
[Black "Serrato Diaz, Rafael Antonio"]
[Result "0-1"]
[WhiteElo "1600"]
[BlackElo "1833"]
[PlyCount "70"]
[EventDate "2024.03.26"]
[EventType "swiss"]
[EventRounds "11"]
[EventCountry "COL"]
[SourceTitle "CB14_2024"]
[SourceDate "2024.04.01"]
[SourceVersion "1"]
[SourceVersionDate "2024.04.01"]
[SourceQuality "1"]

1. e4 e6 2. d4 d5 3. Nd2 Nf6 4. e5 Nfd7 5. Ngf3 c5 6. c3 Nc6 7. Bd3 Qb6 8. Qb3 Qc7 9. Qc2 cxd4 10. cxd4 Qb6 11. Qb3 Nxd4 12. Nxd4 Qxd4 13. Nf3 Qb4+ 14. Qxb4 Bxb4+ 15. Bd2 Bxd2+ 16. Kxd2 0-0 17. Rhe1 Nb6 18. Rac1 Bd7 19. b3 Rac8 20. h3 Rxc1 21. Rxc1 Rc8 22. Rxc8+ Nxc8 23. Nd4 a6 24. Kc3 Ne7 25. Kb4 Kf8 26. Kc5 Nc8 27. Kb4 h6 28. Ka5 Ke7 29. Bxa6 bxa6 30. Kxa6 Kd8 31. Kb7 Ne7 32. a4 Nf5 33. Nxf5 exf5 34. a5 d4 35. a6 Bc8+ 0-1

[Event "COL-ch sf"]
[Site "Pereira"]
[Date "2024.03.31"]
[Round "10"]
[White "Serrato Diaz, Rafael Antonio"]
[Black "Chica Londono, Daniel"]
[Result "0-1"]
[WhiteElo "1833"]
[BlackElo "1608"]
[PlyCount "84"]
[EventDate "2024.03.26"]
[EventType "swiss"]
[EventRounds "11"]
[EventCountry "COL"]
[SourceTitle "CB14_2024"]
[SourceDate "2024.04.01"]
[SourceVersion "1"]
[SourceVersionDate "2024.04.01"]
[SourceQuality "1"]

1. d4 Nf6 2. Nf3 e6 3. Bf4 d5 4. e3 Bd6 5. Bg3 0-0 6. Bd3 c5 7. c3 Nc6 8. Nbd2 b6 9. Ne5 Bb7 10. f4 Ne7 11. 0-0 cxd4 12. exd4 Ne4 13. Qe2 f5 14. Ndf3 Nc6 15. Bh4 Qe8 16. Bb5 a6 17. Ba4 b5 18. Bc2 Nxe5 19. fxe5 Be7 20. a4 Bc6 21. axb5 Bxb5 22. Bd3 Bxd3 23. Qxd3 Bxh4 24. Nxh4 Qb5 25. Qxb5 axb5 26. g3 Nd2 27. Rxa8 Rxa8 28. Rf2 Ra1+ 29. Kg2 Nc4 30. Kf3 Rb1 31. Ng2 Nxb2 32. Ke2 Na4 33. Kd3 Rb3 34. Rc2 b4 35. Nf4 Kf7 36. Ne2 Nxc3 37. Nxc3 Rxc3+ 38. Rxc3 bxc3 39. Kxc3 g5 40. Kd3 Ke7 41. Ke3 Kd7 42. Kf3 Kc6 0-1

[Event "COL-ch sf"]
[Site "Pereira"]
[Date "2024.03.30"]
[Round "8"]
[White "Barrera Pinilla, Nicolas"]
[Black "Serrato Diaz, Rafael Antonio"]
[Result "1/2-1/2"]
[WhiteElo "1622"]
[BlackElo "1833"]
[PlyCount "100"]
[EventDate "2024.03.26"]
[EventType "swiss"]
[EventRounds "11"]
[EventCountry "COL"]
[SourceTitle "CB14_2024"]
[SourceDate "2024.04.01"]
[SourceVersion "1"]
[SourceVersionDate "2024.04.01"]
[SourceQuality "1"]

1. d4 e6 2. Bf4 d5 3. e3 Bd6 4. Bg3 c5 5. c3 Bxg3 6. hxg3 Qb6 7. Qc1 Nf6 8. Nd2 cxd4 9. exd4 Bd7 10. Bd3 Nc6 11. Ngf3 Rc8 12. 0-0 0-0 13. a3 Ng4 14. Re1 e5 15. Nxe5 Ncxe5 16. Rxe5 Nxe5 17. dxe5 Bb5 18. Bf5 Rc6 19. Nf3 g6 20. Bc2 Kg7 21. Nd4 Rcc8 22. a4 Bd7 23. a5 Qd8 24. Bb3 Rc5 25. a6 b6 26. Bc2 Re8 27. f4 Qc8 28. Nb3 Rc6 29. Bd3 f6 30. exf6+ Kxf6 31. Qd2 Rce6 32. Nd4 Re3 33. Nf3 Qc5 34. Kh2 R3e7 35. Ne5 d4 36. Rc1 dxc3 37. Rxc3 Qd5 38. Qc2 Rxe5 39. fxe5+ Qxe5 40. Qf2+ Kg7 41. Rc1 Re7 42. Rf1 Qh5+ 43. Kg1 Qc5 44. Qxc5 bxc5 45. Rc1 Re3 46. Bf1 Re5 47. Kf2 Kf6 48. Kf3 Bc6+ 49. Kf2 Be4 50. Rc4 Bf5 1/2-1/2